| 000 | 00532cam a22002171 4500 | ||
|---|---|---|---|
| 001 | sa 65003437 | ||
| 003 | DLC | ||
| 005 | 20260227112123.0 | ||
| 008 | 940606s1964 ii 000 1 malo | ||
| 010 | _asa 65003437 | ||
| 025 | _aPL480:I-Mal-573 | ||
| 035 | _a(OCoLC)30562601 | ||
| 040 |
_aDLC _cCU _dCU _dDLC |
||
| 042 | _apremarc | ||
| 050 | 0 | 0 |
_aPL4718.9.J64 _bK3 |
| 100 | 1 | _aJoseph, V. T. | |
| 245 | 1 | 0 | _aKanakaṃ viḷayunna tariśubhūmi. |
| 260 | _c[1964] | ||
| 300 |
_aii, 192 p. _c19 cm. |
||
| 500 | _aIn Malayalam. | ||
| 999 |
_c63156 _d63156 |
||